Proyecto educativo de la escuela católica en América Latina
Spremljeno u:
| Glavni autor: | |
|---|---|
| Format: | Knjiga |
| Jezik: | španjolski |
| Izdano: |
Bogotá
Indo-american
1980
|
| Serija: | Colección experiencias, 35
|
| Teme: | |
| Oznake: |
Dodaj oznaku
Bez oznaka, Budi prvi tko označuje ovaj zapis!
|
MARC
| LEADER | 00000nam a2200000 a 4500 | ||
|---|---|---|---|
| 001 | UCY8085 | ||
| 003 | CL-VaPUC | ||
| 008 | 950623e19800600CK |||||||||||||||||spa|d | ||
| 082 | 0 | 4 | |a 377 |b VEL |2 21 |
| 100 | 0 | |a Vela, Jesús Andrés |e author |9 339194 | |
| 245 | 1 | 0 | |a Proyecto educativo de la escuela católica en América Latina |
| 300 | |a 95 p | ||
| 942 | |c BK | ||
| 945 | |d 19950623 00:00:00 |a cmena | ||
| 260 | |a Bogotá |b Indo-american |c 1980 | ||
| 650 | 7 | |a PROYECTOS EDUCACIONALES |2 CL-VaPUC |9 339195 | |
| 650 | 0 | |a Doctrina social de la iglesia |9 257333 | |
| 650 | 0 | |a Juventud |9 271073 | |
| 650 | 0 | |a Creencia |9 334586 | |
| 650 | 0 | |a Educación religiosa |9 308312 | |
| 650 | 0 | |a Catolicismo |9 258690 | |
| 650 | 0 | |a Estado y educación |9 311264 | |
| 650 | 0 | |a Iglesia y Estado |9 254995 | |
| 651 | 0 | |a América Latina |9 255027 | |
| 583 | |a last modification |c 19950623 00:00:00 |k Rodrigo Vera | ||
| 490 | 0 | |a Colección experiencias, 35 | |
| 999 | |c 235365 |d 235363 | ||
| 952 | |0 0 |1 0 |4 0 |6 377_000000000000000_VEL_1980 |7 0 |8 P |9 242736 |a BIBEDU |b BIBEDU |c BIBEDU_PB |d 2019-11-18 |i 1522582 |o 377 VEL 1980 |p 1522582 |r 2024-01-25 |w 2019-11-18 |y BK |k EDU | ||